Inclusion through Exclusion (Record no. 10939)
[ view plain ]
| 000 -LEADER | |
|---|---|
| fixed length control field | 00754nam a2200121Ia 4500 |
| 008 - FIXED-LENGTH DATA ELEMENTS--GENERAL INFORMATION | |
| fixed length control field | 220615s9999||||xx |||||||||||||| ||und|| |
| 100 ## - MAIN ENTRY--PERSONAL NAME | |
| Personal name | Schmidt-Kleinert, Anja |
| 245 #0 - TITLE STATEMENT | |
| Title | Inclusion through Exclusion |
| Remainder of title | How Young Immigrant Israelis in the Nationalist Yisra'el Beitenu Party Read Israeli Citizenship |
| 546 ## - LANGUAGE NOTE | |
| Language note | English[eng] |
| 650 ## - SUBJECT ADDED ENTRY--TOPICAL TERM | |
| Topical term or geographic name entry element | Political Science||Civic Engagement||Citizenship||Israel||Extreme Right||Politics||Judaism||Migration||Political Parties||Jewish Studies||Political Sociology||Political Science |
| 856 ## - ELECTRONIC LOCATION AND ACCESS | |
| Uniform Resource Identifier | <a href="https://library.oapen.org/bitstream/20.500.12657/26023/1/1004062.pdf||https://library.oapen.org/bitstream/20.500.12657/26023/1/1004062.pdf||https://library.oapen.org/bitstream/20.500.12657/26023/1/1004062.pdf">https://library.oapen.org/bitstream/20.500.12657/26023/1/1004062.pdf||https://library.oapen.org/bitstream/20.500.12657/26023/1/1004062.pdf||https://library.oapen.org/bitstream/20.500.12657/26023/1/1004062.pdf</a> |
| 942 ## - ADDED ENTRY ELEMENTS (KOHA) | |
| Koha item type | E-Books |
| Withdrawn status | Lost status | Damaged status | Not for loan | Home library | Current library | Date acquired | Total Checkouts | Date last seen | Price effective from | Koha item type |
|---|---|---|---|---|---|---|---|---|---|---|
| Kerala University of Digital Sciences, Innovation and Technology Knowledge Centre | Kerala University of Digital Sciences, Innovation and Technology Knowledge Centre | 15/06/2022 | 15/06/2022 | 15/06/2022 | E-Books |